000 00256nam a22001217a 4500
008 180119b xxu||||| |||| 00| 0 eng d
041 _aeng
080 _a338
100 _a53
101 _aMEN
245 _aThe super managers
_cHeller,R
942 _2udc
_cBK
999 _c40560
_d40560